000
00472nam a2200145Ia 4500
008
100122s9999 xx 000 0 und d
082
_b
24194
_a
823.08
100
_a
धारप नारायण
245
_a
समर्थाची स्मरणी
260
_b
निशांत प्रकाशन
_c
1976
300
_a
153
630
_a
समर्थाची स्मरणी
730
_a
समर्थाची स्मरणी
942
_c
BOOK
999
_c
411580
_d
411577